Ajánlás egy szükséges és tán lehetséges kiállításhoz
Elmentve itt :
| Szerző: | |
|---|---|
| Adatforrás: | Meister |
| Forrásdokumentuma: | A Hét. - 41 sz., 1996, 8 p. |
| Nyelv: | magyar |
| Kulcsszavak: | művészettörténet templomok műemlékek egyházi művészet egyház Kolozsvár Kisszentes SZERVÁTIUSZ Tibor JECZA Péter Szent Mihály-templom (Kolozsvár) |
| LEADER | 00634nab a2200229 i 4500 | ||
|---|---|---|---|
| 001 | bibPRO00003333 | ||
| 008 | 060524s1996 xx hun | ||
| 040 | |a Sz1 | ||
| 041 | |a hun | ||
| 100 | 1 | |a HALÁSZ Anna | |
| 245 | 1 | 0 | |a Ajánlás egy szükséges és tán lehetséges kiállításhoz |c HALÁSZ Anna |
| 695 | |a művészettörténet | ||
| 695 | |a templomok | ||
| 695 | |a műemlékek | ||
| 695 | |a egyházi művészet | ||
| 695 | |a egyház | ||
| 695 | |a Kolozsvár | ||
| 695 | |a Kisszentes | ||
| 695 | |a SZERVÁTIUSZ Tibor | ||
| 695 | |a JECZA Péter | ||
| 695 | |a Szent Mihály-templom (Kolozsvár) | ||
| 773 | 0 | |t A Hét. - |g 41 sz., 1996, 8 p. | |